| 000 | 00501nam a22001697a 4500 | ||
|---|---|---|---|
| 005 | 20251108164908.0 | ||
| 008 | 250721s1995 xx 000 0 ara d | ||
| 082 | 1 | 4 | _a646.4/عبد |
| 100 | 1 | _aعبد الفتاح، شعبان | |
| 245 | 1 | 0 | _aملابس الأطفال / |
| 264 | 1 |
_aعمان : _bدار صفاء للطباعة و النشر و التوزيع، _c1995. |
|
| 300 | _a223ص | ||
| 650 | 1 | 7 | _aالخياطة |
| 650 | 1 | 7 | _aملابس الأطفال |
| 942 |
_2ddc _cBK |
||
| 999 |
_c16884 _d16884 |
||